000 00920nam a2200265 a 4500
001 BRCA_7623
005 20190320205921.0
008 090713s1956----mx-a######---#000-0#spa-#
041 _aspa
044 _amx
050 4 _aF1386.3
_b.I54 1956
245 1 0 _aInformación de méritos y servicios de Alonso García Bravo
_balarife que trazó la ciudad de México
_cintroducción de Manuel Toussaint.
260 _aMéxico
_bUNAM, Instituto de Investigaciones Estéticas
_c1956
300 _a130 p.
_bil., mapas, planos
_c23 cm.
440 0 _aEstudios y fuentes del arte en México
_nIII
_918804
500 _aT32
504 _aBibliografía p.4
600 1 4 _aGracía Bravo, Alonso
_918805
651 4 _aMéxico (Ciudad)
_xUrbanización
_918806
651 4 _aMéxico (Ciudad)
_xHistoria
_95378
651 4 _aMéxico (Ciudad)
_vMapas
_910076
700 1 _aToussaint, Manuel
_eintr.
_96793
902 _aGFM
942 _2lcc
_cB
999 _c7297
_d7297